书目信息 |
| 题名: |
弹性力学
|
|
| 作者: | 杨桂通 编著 | |
| 分册: | ||
| 出版信息: | 北京 高等教育出版社 1998.06 |
|
| 页数: | 246页 | |
| 开本: | 16开 | |
| 丛书名: | ||
| 单 册: | ||
| 中图分类: | O343 | |
| 科图分类: | ||
| 主题词: | 固体力学 | |
| 电子资源: | ||
| ISBN: | 7-04-006442-1 | |
| 000 | 00513nam0 2200181 45 | |
| 001 | 0104120910 | |
| 005 | 20010412090942.1 | |
| 010 | @a7-04-006442-1@dRMB 14.70 | |
| 100 | @a20010412d1998 km y0chiy0120 ea | |
| 101 | 0 | @achi |
| 200 | 1 | @a弹性力学@ADan Xing Li Xue@f杨桂通编著@Fyang gui tong bian zhu |
| 210 | @a北京@c高等教育出版社@d1998.06 | |
| 215 | @a246页@d16开 | |
| 606 | 0 | @a固体力学 |
| 690 | @aO343@v3 | |
| 701 | 0 | @a杨桂通@Ayang gui tong@4编著 |
| 801 | @aCN@bPftUser@c20010412 | |
| 905 | @b337793@dO343@eY835@f1 | |
| 弹性力学/杨桂通编著.-北京:高等教育出版社,1998.06 |
| 246页;16开 |
| ISBN 7-04-006442-1:RMB 14.70 |
| ● |
| 相关链接 |
|
|
|
正题名:弹性力学
索取号:O343/Y835
 
预约/预借
| 序号 | 登录号 | 条形码 | 馆藏地/架位号 | 状态 | 备注 |
| 1 | 337793 | 203377933 | 自科库401/401自科库 53排1列3层/ [索取号:O343/Y835] | 在馆 | |
| 2 | 349530 | 203495306 | 自科库401/401自科库 53排1列3层/ [索取号:O343/Y835] | 在馆 | |
| 3 | 349531 | 203495315 | 自科库401/401自科库 53排1列3层/ [索取号:O343/Y835] | 在馆 | |
| 4 | 349532 | 203495324 | 自科库401/401自科库 53排1列3层/ [索取号:O343/Y835] | 在馆 | |
| 5 | 349533 | 203495333 | 自科库401/401自科库 53排1列3层/ [索取号:O343/Y835] | 在馆 | |
| 6 | 349534 | 203495342 | 自科库401/401自科库 53排1列3层/ [索取号:O343/Y835] | 在馆 | |
| 7 | 363212 | 203632122 | 自科库401/401自科库 53排1列3层/ [索取号:O343/Y835] | 在馆 | |
| 8 | 363213 | 203632131 | 自科库401/401自科库 53排1列3层/ [索取号:O343/Y835] | 在馆 | |
| 9 | 363214 | 203632140 | 自科库401/401自科库 53排1列3层/ [索取号:O343/Y835] | 在馆 |